[Event "Espalion op 2nd"]
[Site "Espalion"]
[Date "2017.07.16"]
[Round "2"]
[White "Flear, Glenn C"]
[Black "Gerard, Nicolas"]
[Result "1-0"]
[WhiteElo "2455"]
[BlackElo "2189"]
[PlyCount "53"]
[EventDate "2017.07.15"]
[EventType "swiss"]
[EventRounds "9"]
[EventCountry "FRA"]
[SourceTitle "CBM 179 Extra"]
[Source "ChessBase"]
[SourceDate "2017.08.23"]
[SourceVersion "1"]
[SourceVersionDate "2017.08.23"]
[SourceQuality "1"]

1. Nf3 d5 2. c4 d4 3. b4 f6 4. e3 e5 5. c5 a5 6. Qa4+ Bd7 7. b5 Bxc5 8. Bc4 Nh6 9. 0-0 Nf5 10. Ba3 Bxa3 11. Nxa3 dxe3 12. dxe3 Na6 13. Qxa5 Nc5 14. Qb4 Qe7 15. Rac1 Ne6 16. Nc2 c6 17. bxc6 Bxc6 18. Rfd1 Ra4 19. Qc3 Nd6 20. Bxe6 Qxe6 21. Nb4 Bxf3 22. gxf3 0-0 23. Rxd6 Qxd6 24. Qb3+ Kh8 25. Qxa4 Rd8 26. Qb3 Qd2 27. Qc3 1-0

[Event "Avoine op 31st"]
[Site "Avoine"]
[Date "2016.07.26"]
[Round "4"]
[White "Gerard, Nicolas"]
[Black "Oney, Remel"]
[Result "1-0"]
[WhiteElo "2192"]
[BlackElo "1844"]
[PlyCount "63"]
[EventDate "2016.07.23"]
[EventType "swiss"]
[EventRounds "9"]
[EventCountry "FRA"]
[SourceTitle "CBM 173 Extra"]
[Source "ChessBase"]
[SourceDate "2016.08.29"]
[SourceVersion "1"]
[SourceVersionDate "2016.08.29"]
[SourceQuality "1"]

1. d4 Nf6 2. c4 b6 3. Nc3 Bb7 4. Qc2 d5 5. Bf4 c6 6. e3 dxc4 7. Bxc4 b5 8. Bd3 e6 9. Nf3 Be7 10. e4 h6 11. 0-0 0-0 12. Rfc1 Na6 13. Qe2 Qa5 14. a3 Rfd8 15. b4 Qb6 16. h3 Rd7 17. Qe3 Rad8 18. e5 Nh7 19. Bxh6 gxh6 20. Qxh6 Nf8 21. Ne4 f5 22. exf6 Bxb4 23. axb4 Nxb4 24. Bb1 Nd5 25. Neg5 Nxf6 26. Qxf6 b4 27. Ba2 b3 28. Rab1 bxa2 29. Rxb6 axb6 30. Nxe6 Ra8 31. Ra1 Rf7 32. Qg5+ 1-0

[Event "Sables d'Olonne op 3rd"]
[Site "Sables d'Olonne"]
[Date "2016.07.17"]
[Round "2"]
[White "Kirk, Ezra"]
[Black "Gerard, Nicolas"]
[Result "1-0"]
[WhiteElo "2349"]
[BlackElo "2192"]
[PlyCount "57"]
[EventDate "2016.07.16"]
[EventType "swiss"]
[EventRounds "9"]
[EventCountry "FRA"]
[SourceTitle "CBM 173 Extra"]
[Source "ChessBase"]
[SourceDate "2016.08.29"]
[SourceVersion "1"]
[SourceVersionDate "2016.08.29"]
[SourceQuality "1"]

1. d4 d5 2. c4 dxc4 3. Nf3 Nf6 4. e3 a6 5. Bxc4 e6 6. a4 c5 7. 0-0 Nc6 8. Qe2 Qc7 9. Nc3 Bd6 10. Bd2 0-0 11. Rac1 Bd7 12. Bd3 Qb6 13. dxc5 Bxc5 14. e4 e5 15. a5 Qd8 16. Nd5 Be7 17. Nb6 Rb8 18. h3 Be6 19. Bc4 Bxc4 20. Qxc4 Nd7 21. Nd5 Nf6 22. Rfd1 Nxd5 23. exd5 Nd4 24. Nxe5 Nb5 25. Bb4 Bd6 26. Bxd6 Qxd6 27. Nd3 Rfe8 28. Nc5 Qe5 29. Nd7 1-0

[Event "Avoine op 30th"]
[Site "Avoine"]
[Date "2015.07.26"]
[Round "9"]
[White "Kasparov, Sergey"]
[Black "Gerard, Nicolas"]
[Result "1-0"]
[WhiteElo "2497"]
[BlackElo "2244"]
[PlyCount "49"]
[EventDate "2015.07.18"]
[EventType "swiss"]
[EventRounds "9"]
[EventCountry "FRA"]
[SourceTitle "EXT 2016"]
[Source "ChessBase"]
[SourceDate "2015.10.08"]
[SourceVersion "1"]
[SourceVersionDate "2015.10.08"]
[SourceQuality "1"]

1. e4 c5 2. Nf3 d6 3. d4 Nf6 4. Bb5+ Bd7 5. Bxd7+ Qxd7 6. 0-0 Nxe4 7. Qe2 Nf6 8. dxc5 dxc5 9. Rd1 Qc8 10. Nc3 a6 11. Ne5 e6 12. Bg5 Be7 13. Nc4 Qc6 14. Bxf6 gxf6 15. Ne4 Nd7 16. Ned6+ Bxd6 17. Rxd6 Qc7 18. Rad1 0-0-0 19. f4 b5 20. Qf3 Qb7 21. Nb6+ Nxb6 22. Rxd8+ Rxd8 23. Rxd8+ Kc7 24. Qxb7+ Kxb7 25. Rh8 1-0

[Event "Avoine op 29th"]
[Site "Avoine"]
[Date "2014.07.26"]
[Round "8"]
[White "Sochacki, Christophe"]
[Black "Gerard, Nicolas"]
[Result "1/2-1/2"]
[WhiteElo "2449"]
[BlackElo "2251"]
[PlyCount "73"]
[EventDate "2014.07.19"]
[EventType "swiss"]
[EventRounds "9"]
[EventCountry "FRA"]
[SourceTitle "CBM 161 Extra"]
[Source "ChessBase"]
[SourceDate "2014.08.29"]
[SourceVersion "1"]
[SourceVersionDate "2014.08.29"]
[SourceQuality "1"]

1. e4 e5 2. Nf3 Nf6 3. d3 Nc6 4. Be2 Be7 5. 0-0 0-0 6. c3 d5 7. Qc2 h6 8. Nbd2 Be6 9. Re1 Re8 10. b4 a6 11. a3 d4 12. Bb2 Rc8 13. Rac1 Bd6 14. h3 dxc3 15. Bxc3 Qe7 16. Qb2 Nd7 17. Nc4 f6 18. Ne3 Nb6 19. Qd2 Rcd8 20. Nh4 Qf7 21. Nef5 Bf8 22. Qe3 Kh7 23. Bd2 Rd7 24. Ng3 Ne7 25. Rf1 Red8 26. Rc2 g6 27. Rfc1 Nc6 28. Nf3 Bb3 29. Rb2 Na4 30. Rbb1 Ba2 31. Ra1 Nb6 32. Bf1 Be6 33. Qe1 Na4 34. Rab1 Ba2 35. Ra1 Be6 36. Rab1 Ba2 37. Ra1 1/2-1/2

[Event "Avoine op 28th"]
[Site "Avoine"]
[Date "2013.07.26"]
[Round "7"]
[White "Manea, Alexandru"]
[Black "Gerard, Nicolas"]
[Result "1-0"]
[WhiteElo "2389"]
[BlackElo "2272"]
[PlyCount "53"]
[EventDate "2013.07.20"]
[EventType "swiss"]
[EventRounds "9"]
[EventCountry "FRA"]
[SourceTitle "CBM 155 Extra"]
[Source "ChessBase"]
[SourceDate "2013.08.26"]
[SourceVersion "1"]
[SourceVersionDate "2013.08.26"]
[SourceQuality "1"]

1. c4 e5 2. Nc3 Nc6 3. Nf3 f5 4. d4 e4 5. Ng5 Nf6 6. h4 Bb4 7. e3 Bxc3+ 8. bxc3 d6 9. Ba3 0-0 10. g3 Ne7 11. c5 d5 12. c6 b6 13. Rc1 Re8 14. c4 h6 15. cxd5 hxg5 16. hxg5 Ng4 17. d6 cxd6 18. Qb3+ Nd5 19. Bc4 Be6 20. Bxd5 Qe7 21. Bxe6+ Qxe6 22. Bxd6 Rac8 23. Bf4 Qxb3 24. axb3 Red8 25. b4 Rd5 26. c7 Kf7 27. 0-0 1-0

[Event "Avoine op 28th"]
[Site "Avoine"]
[Date "2013.07.25"]
[Round "6"]
[White "Gerard, Nicolas"]
[Black "Sally, Paul Adrien"]
[Result "1-0"]
[WhiteElo "2272"]
[BlackElo "2034"]
[PlyCount "127"]
[EventDate "2013.07.20"]
[EventType "swiss"]
[EventRounds "9"]
[EventCountry "FRA"]
[SourceTitle "CBM 155 Extra"]
[Source "ChessBase"]
[SourceDate "2013.08.26"]
[SourceVersion "1"]
[SourceVersionDate "2013.08.26"]
[SourceQuality "1"]

1. d4 d5 2. c4 e6 3. Nc3 Nf6 4. cxd5 exd5 5. Bg5 Be7 6. e3 0-0 7. Bd3 Nbd7 8. Qc2 c6 9. Nge2 Re8 10. 0-0 Nf8 11. f3 c5 12. Bxf6 Bxf6 13. dxc5 Rxe3 14. Rfd1 Be6 15. Be4 d4 16. Nb5 Qa5 17. Nbxd4 Rc8 18. Rac1 Rxe4 19. Qxe4 Bxa2 20. Qxb7 Rxc5 21. Nc3 Rc4 22. Ndb5 a6 23. Nxa2 axb5 24. Nc3 Bxc3 25. Rxc3 Rxc3 26. bxc3 Qxc3 27. Qxb5 Qe3+ 28. Kh1 g6 29. Qd3 Qf4 30. Qd8 h5 31. h3 Qf5 32. Re1 Kg7 33. Qd4+ Qf6 34. Qxf6+ Kxf6 35. Ra1 h4 36. Ra4 g5 37. f4 Ng6 38. fxg5+ Kxg5 39. Rg4+ Kh5 40. Kg1 f5 41. Ra4 Kg5 42. Kf2 Nf4 43. Ra3 Ne6 44. Ke3 Nf4 45. Ra2 Nd5+ 46. Kf3 Nf4 47. Ra8 Nd3 48. Rg8+ Kf6 49. Ke3 Ne5 50. Ra8 Kg5 51. Rg8+ Kf6 52. Rf8+ Kg5 53. Ra8 Ng6 54. Rg8 Kf6 55. Kf2 Nf4 56. Rf8+ Kg5 57. Kf3 Ng6 58. Rg8 Kf6 59. g4 Ne5+ 60. Kf4 fxg4 61. Rf8+ Kg7 62. Rf5 Nf7 63. hxg4 Kg6 64. Rh5 1-0

[Event "Avoine op 27th"]
[Site "Avoine"]
[Date "2012.07.21"]
[Round "1"]
[White "Farou, Fabrice"]
[Black "Gerard, Nicolas"]
[Result "1/2-1/2"]
[WhiteElo "2016"]
[BlackElo "2279"]
[PlyCount "53"]
[EventDate "2012.07.21"]
[EventType "swiss"]
[EventRounds "9"]
[EventCountry "FRA"]
[SourceTitle "CBM 149 Extra"]
[Source "ChessBase"]
[SourceDate "2012.08.24"]
[SourceVersion "1"]
[SourceVersionDate "2012.08.24"]
[SourceQuality "1"]

1. e4 c5 2. Nf3 d6 3. d4 cxd4 4. Nxd4 Nf6 5. Nc3 a6 6. Bg5 e6 7. f4 Nc6 8. Nxc6 bxc6 9. e5 h6 10. Bh4 g5 11. Bg3 Nd5 12. Nxd5 exd5 13. Bd3 dxe5 14. fxe5 Qb6 15. Qe2 Be6 16. Bf2 Qxb2 17. 0-0 Bg7 18. Rae1 Qc3 19. Qe3 Qa5 20. Qf3 0-0 21. Qh5 Qb4 22. h3 Rfe8 23. Bg3 Qb6+ 24. Kh1 c5 25. Rf6 c4 26. Bf5 Qd8 27. Bxe6 1/2-1/2

[Event "Avoine op 24th"]
[Site "Avoine"]
[Date "2009.07.20"]
[Round "2"]
[White "Hirth, Julien"]
[Black "Gerard, Nicolas"]
[Result "1/2-1/2"]
[WhiteElo "2082"]
[BlackElo "2277"]
[PlyCount "74"]
[EventDate "2009.07.18"]
[EventType "swiss"]
[EventRounds "9"]
[EventCountry "FRA"]
[SourceTitle "CBM 131 Extra"]
[Source "ChessBase"]
[SourceDate "2009.09.03"]
[SourceVersion "2"]
[SourceVersionDate "2009.09.16"]
[SourceQuality "1"]

1. d4 Nf6 2. Nf3 g6 3. Bf4 Bg7 4. c3 d6 5. e3 0-0 6. Bc4 c5 7. 0-0 Nc6 8. h3 a6 9. a4 Bf5 10. Nbd2 Rc8 11. Qe2 Qb6 12. e4 Bd7 13. e5 Nh5 14. Bh2 dxe5 15. dxe5 Bh6 16. e6 Be8 17. exf7+ Bxf7 18. Bxf7+ Rxf7 19. Nc4 Qd8 20. Nce5 Qd5 21. Nxf7 Qxf7 22. Rfe1 Nf4 23. Bxf4 Bxf4 24. Qe6 Qxe6 25. Rxe6 Kf7 26. Re4 Bh6 27. Rae1 Rc7 28. Rd1 b6 29. Kf1 Rb7 30. h4 Kf6 31. g4 Kf7 32. Kg2 b5 33. axb5 Rxb5 34. Re2 Bf4 35. Ng5+ Kg8 36. Ne6 Bd6 37. Rd5 h6 1/2-1/2

[Event "Avoine op 23rd"]
[Site "Avoine"]
[Date "2008.07.24"]
[Round "6"]
[White "Schmittdiel, Eckhard"]
[Black "Gerard, Nicolas"]
[Result "1-0"]
[WhiteElo "2425"]
[BlackElo "2274"]
[PlyCount "65"]
[EventDate "2008.07.19"]
[EventType "swiss"]
[EventRounds "9"]
[EventCountry "FRA"]
[SourceTitle "CBM 125 Extra"]
[Source "ChessBase"]
[SourceDate "2008.09.01"]
[SourceVersion "1"]
[SourceVersionDate "2008.09.01"]
[SourceQuality "1"]

1. e4 c5 2. c3 d5 3. exd5 Qxd5 4. d4 Nc6 5. dxc5 Qxd1+ 6. Kxd1 e5 7. Be3 Nf6 8. f3 Nd5 9. Bf2 Bf5 10. Nd2 0-0-0 11. Ne2 Bg6 12. h4 h5 13. Kc1 f5 14. g3 Be7 15. Bh3 Kc7 16. Re1 Kb8 17. f4 e4 18. Nb3 Bf6 19. Ned4 Nxd4 20. Bxd4 Rhf8 21. a3 Be8 22. a4 Nb4 23. Bf1 Nc6 24. Bxf6 Rxf6 25. Kc2 Rg6 26. Re3 Bf7 27. Be2 Rf6 28. Rd1 Rxd1 29. Bxd1 Bc4 30. Bxh5 Ne7 31. Nd4 Nd5 32. Re1 Bd3+ 33. Kd2 1-0

[Event "Avoine op 22nd"]
[Site "Avoine"]
[Date "2007.07.27"]
[Round "7"]
[White "Lukasiewicz, Anna"]
[Black "Gerard, Nicolas"]
[Result "0-1"]
[WhiteElo "2122"]
[BlackElo "2276"]
[PlyCount "70"]
[EventDate "2007.07.21"]
[EventType "swiss"]
[EventRounds "9"]
[EventCountry "FRA"]
[SourceTitle "EXT 2010"]
[Source "ChessBase"]
[SourceDate "2010.11.25"]
[SourceVersion "1"]
[SourceVersionDate "2010.11.25"]
[SourceQuality "1"]

1. e4 c5 2. Nf3 d6 3. d4 cxd4 4. Nxd4 Nf6 5. Nc3 a6 6. Bc4 e6 7. Bb3 Nbd7 8. 0-0 Nc5 9. Re1 Be7 10. f4 0-0 11. Qf3 Qc7 12. e5 Nfd7 13. Qg3 Kh8 14. Nd5 Qd8 15. Nxe7 Qxe7 16. exd6 Qxd6 17. Be3 Nxb3 18. Nxb3 Qc7 19. Bd4 Rg8 20. c3 b6 21. Qh4 Qd8 22. Qf2 Bb7 23. Rad1 Qc7 24. Rd3 Qc6 25. Rh3 f6 26. Nd2 e5 27. fxe5 fxe5 28. Bxe5 Nxe5 29. Rxe5 Rgf8 30. Qe2 Rad8 31. Rg3 Qd6 32. Nf3 Bxf3 33. gxf3 h6 34. Re7 Qd1+ 35. Kf2 Rd2 0-1

[Event "Nancy-B"]
[Site "Nancy"]
[Date "2007.02.24"]
[Round "8"]
[White "Dovzik, Juri"]
[Black "Gerard, Nicolas"]
[Result "1-0"]
[WhiteElo "2421"]
[BlackElo "2307"]
[PlyCount "71"]
[EventDate "2007.02.19"]
[EventType "tourn"]
[EventRounds "9"]
[EventCountry "FRA"]
[EventCategory "3"]
[SourceTitle "CBM 116 Extra"]
[Source "ChessBase"]
[SourceDate "2007.03.07"]
[SourceVersion "1"]
[SourceVersionDate "2007.03.07"]
[SourceQuality "1"]

1. e4 c5 2. Nf3 d6 3. c3 Nf6 4. h3 Nc6 5. Bd3 d5 6. e5 Nd7 7. Bb5 e6 8. 0-0 Be7 9. d4 Qb6 10. Ba4 f6 11. exf6 Nxf6 12. dxc5 Bxc5 13. b4 Bd6 14. Na3 Qd8 15. Nb5 Bb8 16. Nbd4 Bd7 17. Re1 Ne4 18. Bc2 Nxc3 19. Nxc6 bxc6 20. Qd3 Ne4 21. Rxe4 dxe4 22. Qxe4 Qf6 23. Rb1 Bd6 24. Qd3 Bc7 25. Bg5 Qf7 26. Rd1 Rb8 27. Be3 Rd8 28. Ng5 Qf5 29. Qxf5 exf5 30. Bc5 Be6 31. Re1 Kd7 32. Nxe6 Rde8 33. Bxf5 g6 34. Bg4 h5 35. Nf8+ Kd8 36. Rd1+ 1-0

[Event "Nancy-B"]
[Site "Nancy"]
[Date "2007.02.23"]
[Round "7"]
[White "Gerard, Nicolas"]
[Black "Bakalarz, Mietek"]
[Result "0-1"]
[WhiteElo "2307"]
[BlackElo "2378"]
[PlyCount "58"]
[EventDate "2007.02.19"]
[EventType "tourn"]
[EventRounds "9"]
[EventCountry "FRA"]
[EventCategory "3"]
[SourceTitle "CBM 116 Extra"]
[Source "ChessBase"]
[SourceDate "2007.03.07"]
[SourceVersion "1"]
[SourceVersionDate "2007.03.07"]
[SourceQuality "1"]

1. d4 Nf6 2. c4 d6 3. Nc3 e5 4. Bg5 Be7 5. Nf3 Nbd7 6. Qc2 c6 7. 0-0-0 Qc7 8. e3 a6 9. Bd3 b5 10. dxe5 dxe5 11. Ne4 Nxe4 12. Bxe4 Bxg5 13. Nxg5 h6 14. Nf3 Ra7 15. c5 0-0 16. Rd6 Qa5 17. Bxc6 Qxa2 18. Bd5 Qa1+ 19. Kd2 Qxh1 20. Rxh6 Nf6 21. Rxf6 Rd7 22. Rd6 Rxd6 23. cxd6 Qxg2 24. Ke2 Bh3 25. Qd1 Qg4 26. Qc2 Rc8 27. Qd3 Bg2 28. b4 Rd8 29. Qb3 e4 0-1

[Event "Nancy-B"]
[Site "Nancy"]
[Date "2007.02.22"]
[Round "5"]
[White "Gerard, Nicolas"]
[Black "Stark, Lars"]
[Result "0-1"]
[WhiteElo "2307"]
[BlackElo "2424"]
[PlyCount "50"]
[EventDate "2007.02.19"]
[EventType "tourn"]
[EventRounds "9"]
[EventCountry "FRA"]
[EventCategory "3"]
[SourceTitle "CBM 116 Extra"]
[Source "ChessBase"]
[SourceDate "2007.03.07"]
[SourceVersion "1"]
[SourceVersionDate "2007.03.07"]
[SourceQuality "1"]

1. d4 Nf6 2. c4 c5 3. d5 e5 4. Nc3 d6 5. e4 Be7 6. Be2 0-0 7. Nf3 Nbd7 8. 0-0 Ne8 9. Qc2 g6 10. Bh6 Ng7 11. Bd3 Nf6 12. a3 Ng4 13. Bd2 f5 14. b4 b6 15. Rab1 f4 16. bxc5 bxc5 17. Qa4 g5 18. Qc6 Bd7 19. Qa6 Qe8 20. Nb5 Qh5 21. Qb7 Nf6 22. h3 Bxh3 23. Qxe7 Qg4 24. Ne1 Bxg2 25. Bxf4 gxf4 0-1